00329cam a22000977a 4500008003600000082001400036245007600050260003500126500003700161700003300198180718b xxu||||| |||| 00| 0 eng d aYA3000x54 aNational science and technology policycby Lok Sabha Secretariat, India aDelhibLok Sabha Secretariatc aContents: Library has 1985, 1989 aIndia. Lok Sabha Secretariat